Tác phẩm được tặng giải thưởng Hồ Chí Minh. t.II, góp phần nghiên cứu văn hoá Việt Nam /
Gespeichert in:
| 1. Verfasser: | |
|---|---|
| Format: | Sách giấy |
| Sprache: | Vietnamese |
| Veröffentlicht: |
H. :
Khoa học Xã hội,
2003
|
| Tags: |
Tag hinzufügen
Keine Tags, Fügen Sie den ersten Tag hinzu!
|
| Thư viện lưu trữ: | Thư viện Trường Đại học Đà Lạt |
|---|
| LEADER | 00772nam a2200289 4500 | ||
|---|---|---|---|
| 001 | DLU040028251 | ||
| 005 | ##20040608 | ||
| 040 | # | # | |a DLU |b vie |
| 041 | # | # | |a vie |
| 044 | # | # | |a vn |
| 082 | # | # | |a 895.922 08 |b NG-H |
| 100 | # | # | |a Nguyễn Văn Huyên, |c Giáo sư, |d 1908-1975 |
| 245 | # | # | |a Tác phẩm được tặng giải thưởng Hồ Chí Minh. |n t.II, |p góp phần nghiên cứu văn hoá Việt Nam / |c Nguyễn Văn Huyên |
| 260 | # | # | |a H. : |b Khoa học Xã hội, |c 2003 |
| 300 | # | # | |a 1143 tr. ; |c 24 cm |
| 923 | # | # | |a 16/2004 |
| 990 | # | # | |a t.II |
| 992 | # | # | |a 152000 |
| 994 | # | # | |a DLU |
| 998 | # | # | |a TK |
| 900 | # | # | |a True |
| 911 | # | # | |a Đào Thị Thu Huyền |
| 925 | # | # | |a G |
| 926 | # | # | |a A |
| 927 | # | # | |a SH |
| 980 | # | # | |a Thư viện Trường Đại học Đà Lạt |